00446nam a2200133 a 450000100100000000500170001000800410002704000250006808200290009324500240012226000690014630000250021550000720024000004558820201002052330.0150416s1982 dr 000 0 spa d aDO-SdBNPbspacBNPHU axxxxxxxxxxxbxxxxxxxxxxx00aPequeño universo. aSanto Domingo :bUniversidad Autónoma de Santo Domingo,c1982. aix, 139 p. ;c21 cm. aIncluye referencias bibliográficas y notas al pie de las página